000 00702nam a22002297a 4500
003 DO-SdBPM
005 20250530093724.0
008 161031b 2006 xxu a 1 00| 0 spa d
020 _a076527728X
040 _aBPMSU
_bspa
_cBPMSU
082 _a641.5973
_bW581s 2006
_222
100 1 _aWhitcraft, Melissa
245 1 0 _aSabores de Estados Unidos /
_cMelissa Whitcraft
260 _aEstados Unidos :
_bCelebration Press ;
_bPearson Learning Group ,
_c2006.
300 _a32 p. :
_bil. ;
_c25 cm.
490 0 _aiOpeners
500 _aIncluye glosario
650 4 _aCocina
650 4 _aGastronomía
_xHistoria
_zEstados Unidos
910 _aVMateo V. Control de calida. BPMSU
942 _2ddc
_cBK
999 _c12658
_d12658